Wie gut kennst du Deutschland? - Statistiken

Allgemein
  • Dieses Quiz wurde 468 mal gespielt
  • Das Durchschnittsergebnis liegt bei 9 aus 15
Antwortstatistiken
Frage Antwort % Korrekt
Wie heißt die Hauptstadt von Bayern? München
99%
Welcher Fluss fließt durch Köln? Rhein
97%
Welche berühmte deutsche Automarke hat den Slogan "Vorsprung durch Technik"? Audi
83%
Wer war Deutschlands erste Bundeskanzlerin? Angela Merkel
82%
Welche deutsche Stadt wird oft als "Tor zur Welt" bezeichnet? Hamburg
82%
In welchem Jahr wurde die Berliner Mauer errichtet? 1961
80%
Was ist Deutschlands größte Insel? Rügen
79%
In welchem Jahr ist Olaf Scholz geboren? 1958
67%
Welches deutsche Unternehmen ist weltweit für seine Haushaltsgeräte bekannt? Bosch
64%
Was ist die deutsche Bezeichnung für Neujahr? Silvester
64%
Welches Gemüse wird in Deutschland am häufigsten gegessen? Tomate
44%
Welche deutsche Stadt wird als "Goldene Stadt" bezeichnet? Dresden
36%
Wie viel Kilo Fleisch verbraucht ein Deutscher durchschnittlich im Jahr? 80
20%
Welche deutsche Stadt ist die ärmste? Gelsenkirchen
19%
Welche deutsche Stadt ist flächenmäßig die drittgrößte? Gardelegen
3%
Keine übereinstimmenden Quizze gefunden
Verteilung der Resultate
Anzahl Personen mit jedem Resultat
Perzentil nach korrekt beantworteten Fragen
Ihre Resultats-Entwicklung
Sie haben dieses Quiz noch nicht gespielt